000 02873nam a22003257a 4500
001 EPSCPA 0003
003 gtcocun
005 20250820195834.0
006 a||||gr|||| 00| 0
007 ta
008 250820b2015 gt ||||| m||| 00| 0 eng d
040 _agtcocun
_bSPA
_cgtcocun
_eRDA
041 _aSPA EPSCPA 0003
084 _0EPSCPA 0003
100 _aOxom Bá, Leonardo
_eAutor
245 _aINFORME FINAL DEL EJERCICIO PROFESIONAL SUPERVISADO REALIZADO EN AGROVETERINARIA LOS POLLITOS, COBÁN, ALTA VERAPAZ/
_cLeonardo Oxom Bá.
_hImpreso
264 _aCobán, Alta Verapaz:
_bUniversidad de San Carlos de Guatemala, Centro Universitario del Norte, Carrera de Contaduría Pública y Auditoría
_c2015
300 _a123 p.:
_bIlustraciones, gráficas.
_c28 cm;
336 _2rdacontenido
_aTexto
_btxt
337 _2rdamedio
_aComputadora
_bn
338 _2rdasoporte
_aCódigo en línea
_bcr
502 _eEPSCPA 0003
502 _aTesis de grado
_bCarrera de Contaduría Pública y Auditoría,
_cUniversidad de San Carlos de Guatemala, Centro Universitario del Norte, Carrera de Contaduría Pública y Auditoría
_d2015
_oEPSCPA 0003
520 1 4 _aEl Ejercicio Profesional Supervisado – EPS- en la Carrera de Contaduría Pública y Auditoría fue enfocado en realizar una serie de actividades orientadas a la solución de problemas en el área contable de la entidad. La realización del Ejercicio Profesional Supervisado fue mediante estas fases: diagnóstico empresarial, planificación, ejecución de las actividades y elaboración de informe final. Los hallazgos primordiales que fueron detectados por medio del diagnóstico son: 1) Inconvenientes en cuanto a la aplicación y cumplimiento de leyes fiscales. La causa de esta situación es la insuficiencia de conocimiento en relación a las leyes tributarias y la carencia de evaluación del cumplimiento de obligaciones tributarias. Para solucionar este problema se efectuó una auditoría fiscal del período 2014, con el objeto de identificar deficiencias y presentar propuestas de solución. La auditoría fue planificada previa a su ejecución y como parte final se elaboró y presentó al propietario de la empresa un informe que contiene los hallazgos relevantes y las recomendaciones pertinentes. Las recomendaciones fueron dadas en base a un marco de referencia aplicable. 2) Transacciones comerciales no contabilizadas. A este respecto la entidad no tiene registrado las operaciones que realizó desde el período 2009 hasta 2014.
650 1 4 _2LEMB
_aCobán, Alta Verapaz
_xAuditoría
_xÁrea contable
_xDiagnóstico empresarial
_xPlanificación
_xInforme final
_xCumplimiento de leyes fiscales
700 _eAsesor
856 _uSin archivo en línea
_zSin archivo en línea
_yPDF
942 _2ddc
_cTES
_iEPSCPA 0003
_kClasificación
_n0
_6EPSCPA_0003_000000000000000
999 _c1230
_d1230